[Event "Mechanics' Spring TNM; 30/90, SD/30"]
[Site "San Francisco"]
[Date "2011.04.12"]
[Round "5.1"]
[White "Byambaa, Uyanga"]
[Black "Jones, James"]
[Result "1-0"]
[WhiteElo "1985"]
[BlackElo "2077"]
[Annotator "Donaldson"]
[PlyCount "75"]
[EventDate "2011.??.??"]

1. e4 g6 2. d4 Bg7 3. Nc3 d6 4. Be3 Nf6 5. f3 O-O 6. Bc4 Nc6 7. Nge2 e5 8. d5
Ne7 9. Qd2 a6 10. a4 Bd7 11. g4 b5 12. Bb3 (12. axb5 {
is more challenging. For example} axb5 13. Rxa8 Qxa8 14. Bxb5 Bxb5 15. Nxb5
Qa1+ 16. Qc1 Qa5+ 17. Nbc3 Rb8 {offers some, but not enough compensation. Keep
in mind both players are known for their aggressive styles and have a strong
preference for the initiative.}) 12... c5 $6 (12... b4 {
was a more logical followup.}) 13. dxc6 Bxc6 14. O-O-O bxa4 15. Nxa4 d5 16. Bc5
$6 (16. g5 $1 Nxe4 17. fxe4 d4 18. Nxd4 $1 exd4 19. Bxd4 {
leaves White solidly on top.}) 16... d4 17. Nb6 Rb8 18. Nc4 Nd7 19. Bd6 Rc8 20.
Qb4 Re8 21. Rhf1 Bb5 22. f4 Nc6 23. Qa3 Qh4 24. fxe5 Qxg4 25. Rxf7 $6 (25. Nxd4
{is the normal move with roughly equal chances but this isn't the way Uyanga
plays chess! The text deserves an exclamation mark for imagination and courage
but ultimately is not sound.}) 25... Qxe2 (25... Kxf7 26. Ne3+) 26. Nb6 Bh6+
27. Kb1 Qxd1+ 28. Ka2 Kh8 29. Nxc8 Rxc8 30. Rxd7 Na5 $2 (30... Qe2 {or}) (30...
Qe1 {, preparing to capture on e4 brings the Queen back into action and keeps
an eye on White's dangerous e-pawn.}) 31. Qxa5 Bxd7 32. e6 {
White is still down a rook but this powerful passed pawn balances the chances.}
Bb5 $4 ({The last mistake costs Black the game. He had to return material with
} 32... Qg4 33. exd7 Qxd7 {
intending moves like ...Bg7 and ...d3 keeps Black in the game.}) 33. e7 Qg4 {
The right idea but a move too late.} 34. Qd8+ Be8 35. Be5+ Bg7 36. Qxd4 h5 37.
Bxg7+ Kh7 38. Bf8 {An imaginative game by young Miss Byambaa.} 1-0

[Event "Mechanics' Spring TNM; 30/90, SD/30"]
[Site "San Francisco"]
[Date "2011.03.29"]
[Round "3.2"]
[White "Byambaa, Uyanga"]
[Black "Shakhnazarov, Oleg"]
[Result "1-0"]
[WhiteElo "1985"]
[BlackElo "2160"]
[Annotator "Donaldson"]
[PlyCount "91"]
[EventDate "2011.??.??"]

1. e4 e5 2. Nf3 Nc6 3. Bb5 a6 4. Ba4 Nf6 5. O-O b5 6. Bb3 Be7 7. Re1 d6 8. h3
O-O 9. c3 Na5 10. Bc2 d5 {This invention of the Polish Grandmaster Grzegorz
Gajewski has enjoyed a lot of popularity at even the highest levels.} 11. exd5
(11. d3 {is played by those who want a quiet life while}) (11. d4 {
is just as popular as the text.}) 11... e4 12. Ng5 Nxd5 13. Nxh7 (13. Nxe4 f5
14. Ng3 f4 15. Ne4 f3 16. d4 fxg2 {has been tested in several high level
(+2700) encounters. Byambaa was making things up as she went along having no
idea this was a theoretical variation.}) 13... Kxh7 ({
In an earlier game Black met 13.Nxh7 poorly -} 13... Re8 14. Bxe4 Be6 15. Qh5
Qd7 16. Nf8 g6 17. Qh7+) 14. Bxe4+ Kg8 15. Bxd5 Qxd5 16. Rxe7 Bb7 {
This is certainly playable but Black had interesting alternatives in} (16...
Bxh3 {(winning the pawn back right away)} 17. Qf3 Qxf3 18. gxf3 Rae8) ({and} 
16... Be6 17. d4 Qd6 18. Rxe6 Qxe6 19. Nd2 {with roughly equal chances.}) 17.
Qf1 ({White needs to not only protect g2 but also his back rank. For example} 
17. Qg4 Rae8 18. Re3 Nc4 {leaves White without a good move.}) 17... Rae8 18.
Re3 Nc4 (18... f5 19. d3 f4 20. Rxe8 Rxe8 21. f3 $1 Qe5 22. Nd2 Qe1 23. Ne4)
19. Rg3 f5 $2 ({The idea of advancing the f-pawn is mistaken here. Better is} 
19... Nd6 {with some but probably not enough compensation for the pawn.}) 20.
d3 Nd6 21. Bf4 Re6 22. Nd2 Rfe8 23. c4 (23. Nf3 Re2 24. Nd4 Rxb2 25. Qc1 Rxa2
26. Rxa2 Qxa2 27. Bxd6 cxd6 28. Nxf5) 23... Qd4 24. Be3 Qxb2 25. Nb3 R8e7 (
25... R6e7 26. Bf4) 26. Nc5 $2 (26. Bd4 $1 Qc2 27. Bxg7 Rxg7 28. Rxg7+ Kxg7 29.
Nd4 {would have been a pretty finish.}) 26... f4 $2 ({
The final mistake. Oleg had to play} 26... Rxe3 27. Rxe3 (27. fxe3 Qe5) 27...
Rxe3 28. fxe3 Bxg2 29. Qc1 Qe2 {with good practical chances to save the game.})
27. Bxf4 Rf6 28. Bxd6 cxd6 29. Nxb7 Rxb7 30. Re1 Rbf7 31. Re2 Qc3 32. Re8+ Kh7
33. Qd1 Rh6 34. cxb5 axb5 35. d4 Qb2 36. Qd3+ g6 37. Qe3 Rh5 38. Rf3 Rhf5 39.
Qg5 Qxa2 40. Qh4+ Rh5 41. Rxf7+ Qxf7 42. Qd8 Kh6 43. g4 Rd5 44. Qh4+ Rh5 45.
Rh8+ Kg7 46. gxh5 1-0

[Event "Mechanics' Spring TNM; 30/90, SD/30"]
[Site "San Francisco"]
[Date "2011.04.26"]
[Round "7.2"]
[White "Byambaa, Uyanga"]
[Black "Wong, Russell"]
[Result "0-1"]
[WhiteElo "1985"]
[BlackElo "2200"]
[PlyCount "94"]
[EventDate "2011.??.??"]

1. e4 Nf6 2. e5 Nd5 3. c4 Nb6 4. d4 d6 5. f4 dxe5 6. fxe5 Nc6 7. Be3 Bf5 8. Nc3
e6 9. Nf3 Be7 10. Be2 O-O 11. O-O f6 12. Nh4 (12. exf6 {is more common.}) 12...
fxe5 13. Nxf5 exf5 14. d5 Nd4 15. Bxd4 exd4 16. Qxd4 Nd7 17. Qd2 (17. Kh1 Bc5
$11 {Znosko-Borovsky-Colle, Paris 1929.}) (17. Na4 b5 18. cxb5 Bd6 {
Spielmann-Colle, Dortmund 1928.}) 17... Bd6 (17... Bc5+ 18. Kh1 Qh4 $11 {
Letzelter-Hort, Monte Carlo 1968.}) 18. Nb5 Bc5+ 19. Kh1 Nf6 20. Bf3 Qd7 21. b4
Bb6 22. Qd3 c6 23. Nc3 a5 24. Na4 Bc7 25. Nc5 Qd6 26. g3 cxd5 27. Nxb7 Qxb4 28.
Bxd5+ Nxd5 29. Qxd5+ Kh8 30. c5 f4 31. gxf4 Bxf4 32. Nd6 Bxd6 $2 (32... Rab8
$11 33. Nf7+ $4 Rxf7 34. Qxf7 Qe4+) 33. cxd6 $16 Rxf1+ 34. Rxf1 Rb8 35. d7 Qe7
36. Rd1 Rd8 37. Rc1 h6 38. Rc8 Qe1+ 39. Kg2 Qe2+ 40. Kg3 Qe3+ 41. Kg4 Qe2+ 42.
Kf5 Qh5+ 43. Ke4 Qg4+ 44. Kd3 Rxc8 45. dxc8=Q+ Qxc8 46. Qxa5 Qh3+ 47. Kc4 Qxh2
{and Black later won with both players short of time.} 0-1

[Event "Mechanics' Spring TNM; 30/90, SD/30"]
[Site "San Francisco"]
[Date "2011.03.29"]
[Round "3.25"]
[White "Capdeville, Barry"]
[Black "Mar, Henry"]
[Result "0-1"]
[WhiteElo "1309"]
[BlackElo "1536"]
[Annotator "Donaldson"]
[PlyCount "64"]
[EventDate "2011.??.??"]

1. e4 Nc6 2. Nf3 g6 3. d4 Bg7 4. Nc3 e6 5. a3 d6 6. Bc4 Nge7 7. Be3 O-O 8. Qd2
d5 9. Ba2 dxe4 10. Nxe4 Nd5 11. Bh6 f6 12. Bxg7 Kxg7 13. O-O e5 $2 14. c3 $2 (
14. dxe5) 14... b6 $2 15. Rae1 $2 (15. dxe5) 15... exd4 16. cxd4 $2 (16. Nxd4)
16... Ba6 17. Bxd5 $2 Qxd5 18. Nc3 Qf5 19. Ne2 Rad8 20. Rc1 Qd7 21. Rfd1 Rfe8
22. Nc3 Na5 $1 23. Qc2 Bc4 $1 24. Nd2 Qf7 $2 (24... Qxd4) 25. Nxc4 Qxc4 26. Re1
$4 Nb3 $1 27. Ne2 Qxc2 28. Rxc2 Nxd4 29. Rxc7+ Kh6 30. Kf1 Nxe2 31. Rxe2 Rd1+
32. Re1 Rexe1# 0-1

[Event "Mechanics' Spring TNM; 30/90, SD/30"]
[Site "San Francisco"]
[Date "2011.04.05"]
[Round "4.24"]
[White "Capdeville, Barry"]
[Black "Olson, David"]
[Result "1/2-1/2"]
[WhiteElo "1309"]
[BlackElo "1446"]
[PlyCount "67"]
[EventDate "2011.??.??"]

1. e4 e5 2. Nf3 Nc6 3. Bb5 d6 4. c3 Nf6 5. d4 a6 6. Bxc6+ bxc6 7. dxe5 Nxe4 8.
Qa4 Nc5 9. Qc2 Bg4 10. Nd4 Qd7 11. Bf4 d5 12. b4 Ne6 13. Qd2 Nxf4 14. Qxf4 c5
15. bxc5 Bxc5 16. O-O Rb8 17. Nd2 O-O 18. Rab1 Rb6 19. Rfe1 Rfb8 20. Rxb6 Rxb6
21. Nf1 Rg6 22. Ne3 Bh3 23. g3 h5 24. Ng2 Rg4 25. Qf3 Rg6 26. Nf4 Rg4 27. Nxh3
Re4 28. Rxe4 dxe4 29. Qxh5 g6 30. Qh6 Bf8 31. Qh4 Be7 32. Qh6 Bf8 33. Qh4 Be7
34. Qh6 1/2-1/2

[Event "Mechanics' Spring TNM; 30/90, SD/30"]
[Site "San Francisco"]
[Date "2011.03.23"]
[Round "2.12"]
[White "Chalissery, Jossy"]
[Black "Allen, Tom"]
[Result "0-1"]
[WhiteElo "1737"]
[BlackElo "1455"]
[PlyCount "88"]
[EventDate "2011.??.??"]

1. b3 e5 2. Bb2 Nc6 3. e3 Nf6 4. Bb5 Bd6 5. c4 a6 6. Bxc6 dxc6 7. c5 Bxc5 8.
Bxe5 O-O 9. Ne2 Re8 10. Bb2 Bg4 11. d4 Bb4+ 12. Bc3 Bd6 13. Nd2 Nd5 14. Nf3
Bxf3 15. gxf3 Qf6 16. e4 Qxf3 17. exd5 Qxh1+ 18. Kd2 Qxh2 19. dxc6 Qxf2 20. Qe1
Qe3+ 21. Kd1 bxc6 22. Qd2 Qxd2+ 23. Kxd2 Re7 24. Rg1 f6 25. Rg2 Kf7 26. Ng3
Bxg3 27. Rxg3 h5 28. Bb4 Re6 29. Rh3 Rh8 30. Kd3 h4 31. Ba5 g5 32. Bxc7 g4 33.
Rh1 h3 34. b4 f5 35. a3 Kg6 36. Bf4 Rhe8 37. Rc1 Kh5 38. Rc5 Rf8 39. Bg3 Kg5
40. Ra5 Ra8 41. Rc5 Rh6 42. Bh2 g3 43. Bxg3 h2 44. Bxh2 Rxh2 0-1

[Event "Mechanics' Spring TNM; 30/90, SD/30"]
[Site "San Francisco"]
[Date "2011.04.26"]
[Round "7.14"]
[White "Chalissery, Jossy"]
[Black "Dembling, Arthur"]
[Result "0-1"]
[WhiteElo "1737"]
[BlackElo "1848"]
[PlyCount "50"]
[EventDate "2011.??.??"]

1. b3 e5 2. Bb2 Nc6 3. e3 Nf6 4. Bb5 Bd6 5. Na3 Na5 6. Nc4 Nxc4 7. Bxc4 O-O 8.
Nf3 Qe7 9. O-O c6 10. Re1 Bc7 11. e4 b5 12. Bf1 d6 13. a4 b4 14. a5 Bg4 15. h3
Bh5 16. Qe2 Qd8 17. a6 Bb6 18. Ra4 Rb8 19. g4 Bg6 20. d3 h6 21. Qd2 Bc5 22. Nh4
Nxe4 23. dxe4 Qxh4 24. Qe2 Bxe4 25. Bc1 Qg3+ 0-1

[Event "Mechanics' Spring TNM; 30/90, SD/30"]
[Site "San Francisco"]
[Date "2011.04.12"]
[Round "5.20"]
[White "Chalissery, Jossy"]
[Black "Hilliard, Michael"]
[Result "1-0"]
[WhiteElo "1737"]
[BlackElo "1478"]
[PlyCount "135"]
[EventDate "2011.??.??"]

1. b3 e5 2. Bb2 d6 3. e3 Be6 4. c4 Nd7 5. Nf3 Nc5 6. d4 Ne4 7. dxe5 d5 8. a3
dxc4 9. Qxd8+ Rxd8 10. bxc4 Bc5 11. Be2 Ne7 12. Nbd2 Nxd2 13. Nxd2 O-O 14. Rd1
Rd7 15. O-O Rfd8 16. Ne4 Bb6 17. Rxd7 Rxd7 18. Bc3 Nc6 19. Ng5 Bf5 20. e4 Bg6
21. e6 fxe6 22. e5 Re7 23. Rd1 h6 24. Nf3 Rf7 25. Bb4 Bh5 26. c5 Ba5 27. Bxa5
Nxa5 28. Rd8+ Rf8 29. Rd3 Nc6 30. Re3 Rd8 31. h3 Rd5 32. g4 Bf7 33. Rb3 b6 34.
cxb6 cxb6 35. Rb5 Kf8 36. Rxd5 exd5 37. Bb5 Be8 38. Bxc6 Bxc6 39. Nd4 Be8 40.
f4 b5 41. Kf2 a5 42. Ke3 b4 43. axb4 a4 44. Kd3 a3 45. Kc3 Ba4 46. b5 Ke8 47.
b6 Kd8 48. e6 Kc8 49. Nc2 Kb7 50. Nxa3 Kxb6 51. Kd4 Kc6 52. Nb1 Kd6 53. f5 Bb3
54. Nc3 Bc4 55. Na4 Ba6 56. Nc5 Bc8 57. Nd3 Bb7 58. Ne5 Ba8 59. h4 Bb7 60. Nf7+
Ke7 61. Ne5 Kd6 62. g5 hxg5 63. hxg5 Ba8 64. Nd3 Bb7 65. Nf4 Bc6 66. f6 gxf6
67. gxf6 Bb7 68. f7 1-0

[Event "Mechanics' Spring TNM; 30/90, SD/30"]
[Site "San Francisco"]
[Date "2011.03.15"]
[Round "1.17"]
[White "Chamberlain, Ethan"]
[Black "Capdeville, Barry"]
[Result "1-0"]
[WhiteElo "1829"]
[BlackElo "1309"]
[PlyCount "89"]
[EventDate "2011.??.??"]

1. e4 c5 2. Nf3 Nc6 3. d4 cxd4 4. Nxd4 Nf6 5. Nc3 e6 6. Ndb5 d6 7. Bf4 e5 8.
Bg5 Be7 $2 (8... a6) 9. Bxf6 Bxf6 10. Nxd6+ Kf8 11. Bc4 Be6 12. Bxe6 fxe6 13.
Nxb7 Qe7 14. Qd6 Nd4 15. O-O-O Kf7 16. Qxe7+ Bxe7 17. Na5 Bb4 18. Nc4 Kf6 19.
Na4 Be7 20. Rhe1 Rhd8 21. c3 Nc6 22. Rxd8 Rxd8 23. b3 g5 24. Re3 Rf8 25. Rf3+
Kg7 26. Rxf8 Kxf8 27. b4 Ke8 28. b5 Nb8 29. Nxe5 Bd6 30. Ng4 Nd7 31. h3 h5 32.
Ne3 Ne5 33. Kc2 Kd7 34. c4 Kc7 35. Kc3 Nd7 36. Kd4 Be5+ 37. Kd3 Kd6 38. Nc2
Nc5+ 39. Nxc5 Kxc5 40. Ne1 Bd4 41. Nf3 Bxf2 42. Nxg5 e5 43. g4 hxg4 44. hxg4
Kb4 45. Ne6 1-0

[Event "Mechanics' Spring TNM; 30/90, SD/30"]
[Site "San Francisco"]
[Date "2011.04.26"]
[Round "7.4"]
[White "Chamberlain, Ethan"]
[Black "Margulis, Igor"]
[Result "1/2-1/2"]
[WhiteElo "1829"]
[BlackElo "2100"]
[PlyCount "78"]
[EventDate "2011.??.??"]

1. e4 c6 2. d4 g6 3. Nc3 Bg7 4. f4 d5 5. Nf3 Bg4 6. e5 b5 7. h3 Bxf3 8. Qxf3 e6
9. Bd3 Qb6 10. a3 Ne7 11. g4 h5 12. Be3 Nd7 13. O-O-O O-O-O 14. f5 gxf5 15.
gxf5 exf5 16. Bg5 Bh6 17. Bxh6 Rxh6 18. Bxf5 Nxf5 19. Qxf5 Rf8 20. Rhg1 Qd8 21.
Rg7 Qe7 22. Rf1 Rhh8 23. Ne2 Qe6 24. Kd2 Qh6+ 25. Qg5 f6 26. Qxh6 Rxh6 27. e6
Nb6 28. b3 Na8 29. Nf4 Nc7 30. Re1 Re8 31. Kc3 a5 32. Kd3 f5 33. e7 Kd7 34. Ng6
Ne6 35. Nf8+ Kd6 36. Rg6 Rxg6 37. Nxg6 Kd7 38. Ne5+ Kxe7 39. Nxc6+ Kd6 1/2-1/2

[Event "Mechanics' Spring TNM; 30/90, SD/30"]
[Site "San Francisco"]
[Date "2011.04.12"]
[Round "5.2"]
[White "Chamberlain, Ethan"]
[Black "Shakhnazarov, Oleg"]
[Result "0-1"]
[WhiteElo "1829"]
[BlackElo "2160"]
[Annotator "Donaldson"]
[PlyCount "96"]
[EventDate "2011.??.??"]

1. e4 e6 2. d4 d5 3. Nd2 Be7 4. Bd3 Nf6 5. e5 Nfd7 6. Qg4 g6 7. h4 c5 8. h5 g5
9. c3 h6 10. Ne2 Nc6 11. Bb5 Qb6 12. a4 a6 13. Bxc6 Qxc6 14. O-O f5 15. exf6
Nxf6 16. Qg3 O-O 17. Qd3 Qe8 18. Qg6+ Qxg6 19. hxg6 Kg7 20. a5 Bd7 21. Nf3 Ng4
22. Be3 Bb5 23. Rfe1 c4 24. Ng3 Kxg6 25. Nf1 Bd6 26. N1h2 Nf6 27. Re2 Rae8 28.
Bc1 Ne4 29. Ng4 Kg7 30. Nge5 Rf5 31. Be3 Ref8 32. Rf1 h5 33. Ra1 h4 34. Ng4 Be8
35. Nfe5 Bh5 36. Rc2 Bxe5 37. Nxe5 g4 38. Nd7 R8f7 39. Ne5 R7f6 40. Nd7 Rf7 41.
Ne5 Rc7 42. Ra4 Be8 43. Rb4 g3 44. f3 Nd6 45. Rb6 Bc6 46. Nxc6 Rxc6 47. Rxc6
bxc6 48. Rc1 Nb5 {The scoresheets end here with Black holding a clear
advantage. Shaknazarov later won in mutual time pressure.} 0-1

[Event "Mechanics' Spring TNM; 30/90, SD/30"]
[Site "San Francisco"]
[Date "2011.04.05"]
[Round "4.2"]
[White "Chamberlain, Ethan"]
[Black "Wong, Russell"]
[Result "1/2-1/2"]
[WhiteElo "1829"]
[BlackElo "2200"]
[PlyCount "101"]
[EventDate "2011.??.??"]

1. e4 Nf6 2. e5 Nd5 3. d4 d6 4. Nf3 Bg4 5. Be2 Nc6 6. c4 Nb6 7. exd6 exd6 8.
O-O Be7 9. h3 Bxf3 10. Bxf3 Nxc4 11. Bxc6+ bxc6 12. Qe2 Nb6 13. Re1 Qd7 14. Bg5
f6 15. Bd2 Kf7 16. Qh5+ g6 17. Qh6 Bf8 18. Qh4 Bg7 19. b3 Rhe8 20. Nc3 f5 21.
Bh6 Rxe1+ 22. Rxe1 Re8 23. Rxe8 Qxe8 24. Kf1 Nd5 25. Nxd5 cxd5 26. Bg5 Qe4 27.
Qxe4 dxe4 28. d5 Ke8 29. b4 a6 30. a4 Kd7 31. b5 axb5 32. axb5 Be5 33. Ke2 Kc8
34. Bd2 Kd7 35. Bg5 Bc3 36. Ke3 Kc8 37. Ke2 Kb7 38. f3 Kb6 39. fxe4 Kxb5 40.
Kd3 Ba5 41. g4 fxg4 42. hxg4 h5 43. gxh5 gxh5 44. Bh4 Bb6 45. Bg3 Bg1 46. Ke2
Kc4 47. Kf3 Kd3 48. e5 dxe5 49. Bxe5 Bb6 50. Kg3 Ke4 51. Bxc7 1/2-1/2

[Event "Mechanics' Spring TNM; 30/90, SD/30"]
[Site "San Francisco"]
[Date "2011.03.15"]
[Round "1.13"]
[White "Chen, Mingson"]
[Black "Hilliard, Michael"]
[Result "1-0"]
[WhiteElo "1904"]
[BlackElo "1478"]
[PlyCount "69"]
[EventDate "2011.??.??"]

1. e4 c6 2. Nc3 d5 3. Nf3 dxe4 4. Nxe4 Nd7 5. Bc4 e6 6. O-O Ngf6 7. d3 Be7 8.
a4 O-O 9. a5 Nxe4 10. dxe4 Qc7 11. Qe2 Bd6 12. Rd1 Ne5 13. Nxe5 Bxe5 14. Qh5 g6
15. Qh4 b5 16. axb6 Qxb6 17. Ra3 f5 18. Rh3 Qc7 19. exf5 gxf5 20. Re1 Bf6 21.
Qh5 Qf7 22. Qe2 Re8 23. Re3 Rb8 24. c3 Rb7 25. Bxe6 Bxe6 26. Rxe6 Rbe7 27. Rxe7
Rxe7 28. Qd1 Rxe1+ 29. Qxe1 Qe7 30. Qxe7 Bxe7 31. Be3 a5 32. Kf1 a4 33. Ke2 c5
34. Kd3 Kf7 35. Kc4 1-0

[Event "Mechanics' Spring TNM; 30/90, SD/30"]
[Site "San Francisco"]
[Date "2011.03.29"]
[Round "3.12"]
[White "Chen, Mingson"]
[Black "MacIntyre, Brendan"]
[Result "1-0"]
[WhiteElo "1904"]
[BlackElo "1646"]
[PlyCount "79"]
[EventDate "2011.??.??"]

1. Nc3 Nc6 2. e4 e6 3. d4 b6 4. Nf3 Bb7 5. a3 g6 6. Bg5 Be7 7. Be3 Bf6 8. Qd2
Qe7 9. O-O-O O-O-O 10. h4 h5 11. Bd3 Bg7 12. Kb1 Bh6 13. Rhe1 Bxe3 14. Qxe3 Nf6
15. Re2 Ng4 16. Qd2 f6 17. Ree1 Qg7 18. Bf1 Rhf8 19. d5 exd5 20. exd5 Nce5 21.
Nxe5 fxe5 22. f3 Nh6 23. d6 Nf5 24. dxc7 Kxc7 25. Nb5+ Kb8 26. Nd6 Rf6 27. Nxb7
Kxb7 28. Qd5+ Kb8 29. Qxe5+ d6 30. Qb5 Qd7 31. Qxd7 Rxd7 32. Re8+ Kb7 33. Rde1
Nxh4 34. Rg8 a5 35. Ree8 d5 36. Bb5 Rdf7 37. Rb8+ Ka7 38. Ra8+ Kb7 39. Rgc8 Rc7
40. Rcb8# 1-0

[Event "Mechanics' Spring TNM; 30/90, SD/30"]
[Site "San Francisco"]
[Date "2011.04.12"]
[Round "5.4"]
[White "Chen, Mingson"]
[Black "Traub, Igor"]
[Result "1/2-1/2"]
[WhiteElo "1904"]
[BlackElo "2134"]
[PlyCount "21"]
[EventDate "2011.??.??"]

1. c4 e5 2. d3 f5 3. a3 Nf6 4. Nc3 d5 5. cxd5 Nxd5 6. Nf3 Nc6 7. g3 Be7 8. Bg2
O-O 9. Qb3 Be6 10. Qxb7 Na5 11. Qa6 1/2-1/2

[Event "Mechanics' Spring TNM; 30/90, SD/30"]
[Site "San Francisco"]
[Date "2011.03.23"]
[Round "2.19"]
[White "Cheng, Andrew"]
[Black "Alzhin, Leonid"]
[Result "0-1"]
[WhiteElo "1417"]
[BlackElo "1673"]
[PlyCount "60"]
[EventDate "2011.??.??"]

1. c4 Nf6 2. d4 e6 3. Nc3 d5 4. e3 c5 5. Nf3 Be7 6. cxd5 exd5 7. Bb5+ Bd7 8.
Ne5 Bxb5 9. Nxb5 Qa5+ 10. Nc3 Nc6 11. Nxc6 bxc6 12. Bd2 Qa6 13. Qe2 Qb7 14. b3
cxd4 15. exd4 O-O 16. O-O Rfe8 17. Qf3 Bb4 18. Rad1 Bxc3 19. Bxc3 Ne4 20. Rfe1
Re6 21. Re3 Rf6 22. Qh5 Nxf2 23. Rf1 Ne4 24. Rh3 Rxf1+ 25. Kxf1 h6 26. g4 Qb5+
27. Ke1 Nxc3 28. Rxc3 Re8+ 29. Kf2 Re2+ 30. Kg3 Qb8+ 0-1

[Event "Mechanics' Spring TNM; 30/90, SD/30"]
[Site "San Francisco"]
[Date "2011.04.19"]
[Round "6.18"]
[White "Cheng, Andrew"]
[Black "Chalissery, Jossy"]
[Result "0-1"]
[WhiteElo "1417"]
[BlackElo "1737"]
[PlyCount "84"]
[EventDate "2011.??.??"]

1. c4 b6 2. d4 Bb7 3. d5 c6 4. e4 cxd5 5. exd5 Nf6 6. Nc3 Na6 7. Be3 d6 8. Qa4+
Qd7 9. Qxd7+ Nxd7 10. a3 Nf6 11. Nf3 g6 12. Bd3 Bg7 13. O-O O-O 14. Rfe1 Rfe8
15. h3 Nc5 16. Bxc5 bxc5 17. Re2 Bc8 18. Rae1 e6 19. Ng5 h6 20. Nxf7 Kxf7 21.
dxe6+ Bxe6 22. Bxg6+ Kxg6 23. Rxe6 Kf7 24. Rxe8 Rxe8 25. Rxe8 Nxe8 26. Nd1 Bd4
27. Kf1 Nf6 28. f3 Nh5 29. g4 Nf4 30. b4 cxb4 31. axb4 Nxh3 32. Ke2 Ke6 33. Kd3
Ke5 34. Nc3 Bxc3 35. Kxc3 Ng5 36. b5 Nxf3 37. Kb4 Nd2 38. c5 dxc5+ 39. Kxc5 Kf4
40. Kc6 Nc4 41. Kb7 Kxg4 42. Kxa7 h5 0-1

[Event "Mechanics' Spring TNM; 30/90, SD/30"]
[Site "San Francisco"]
[Date "2011.05.03"]
[Round "8.21"]
[White "Cheng, Andrew"]
[Black "Clark, Thomas"]
[Result "0-1"]
[WhiteElo "1417"]
[BlackElo "1101"]
[PlyCount "86"]
[EventDate "2011.??.??"]

1. c4 Nf6 2. Nc3 e5 3. g3 d5 4. cxd5 Nxd5 5. e4 Nxc3 6. bxc3 Bd6 7. Nf3 Bg4 8.
Bg2 Nd7 9. O-O O-O 10. d4 f6 11. Qb3+ Kh8 12. Qxb7 Qe8 13. Qb3 a5 14. a4 Rb8
15. Qc2 Nb6 16. Ba3 Nc4 17. Bxd6 cxd6 18. Nd2 Rb2 19. Qc1 Rxd2 20. d5 Bd7 21.
Re1 Bxa4 22. Bf1 Rc2 23. Qb1 Rxc3 24. Bxc4 Rxc4 25. Qb6 Bc2 26. Rxa5 Qb8 27.
Qa6 Rxe4 28. Rea1 Rb4 29. Qc6 Rb1+ 30. Kg2 Be4+ 31. Kh3 Rxa1 32. Rxa1 g5 33.
Qd7 Qc8 34. Ra7 Bf5+ 35. Qxf5 Qxf5+ 36. Kg2 Qe4+ 37. Kg1 Qxd5 38. Rc7 Ra8 39.
Rc1 Qf3 40. h3 d5 41. Rf1 d4 42. Rc1 d3 43. Rb1 d2 0-1

[Event "Mechanics' Spring TNM; 30/90, SD/30"]
[Site "San Francisco"]
[Date "2011.04.05"]
[Round "4.22"]
[White "Cheng, Andrew"]
[Black "Otterbach, Renate"]
[Result "1-0"]
[WhiteElo "1417"]
[BlackElo "838"]
[PlyCount "69"]
[EventDate "2011.??.??"]

1. c4 c5 2. Nc3 Nc6 3. Nf3 d6 4. g3 e5 5. Bg2 Be6 6. d3 Nf6 7. O-O Qd7 8. Ng5
Bg4 9. h3 Bh5 10. Nce4 Be7 11. Nxf6+ Bxf6 12. g4 Bg6 13. f4 O-O 14. f5 h6 15.
Ne4 Bh4 16. fxg6 fxg6 17. Rxf8+ Rxf8 18. Be3 Nd4 19. Qd2 a5 20. Rf1 Rxf1+ 21.
Bxf1 h5 22. gxh5 gxh5 23. Bg5 d5 24. cxd5 Nf5 25. Bxh4 Nxh4 26. Qg5 Nf5 27.
Nf6+ Kf7 28. Nxd7 Ke8 29. Qxf5 Kd8 30. Nxc5 Kc7 31. Qd7+ Kb6 32. Nxb7 Ka6 33.
Nc5+ Kb6 34. Qc6+ Ka7 35. Qb7# 1-0

[Event "Mechanics' Spring TNM; 30/90, SD/30"]
[Site "San Francisco"]
[Date "2011.04.05"]
[Round "4.20"]
[White "Clark, Thomas"]
[Black "Milliken, William"]
[Result "0-1"]
[WhiteElo "1101"]
[BlackElo "1679"]
[PlyCount "92"]
[EventDate "2011.??.??"]

1. e4 e5 2. Nf3 Nc6 3. c3 d5 4. Bb5 dxe4 5. Nxe5 Qd5 6. Qa4 Nge7 7. Nxc6 Nxc6
8. O-O Bd7 9. Bc4 Qh5 10. Qb3 Bd6 11. h3 Na5 12. Qc2 Qe5 13. Re1 Qh2+ 14. Kf1
Qh1+ 15. Ke2 Qxg2 16. Kd1 Nxc4 17. Qxe4+ Qxe4 18. Rxe4+ Be6 19. d3 Nb6 20. Kc2
O-O-O 21. Bg5 Rde8 22. h4 f6 23. Be3 f5 24. Rd4 Bc5 25. Rf4 Bxe3 26. fxe3 Bd7
27. Rf3 Rhf8 28. Nd2 Bc6 29. Rg3 g6 30. Rf1 Nd5 31. e4 fxe4 32. Rxf8 exd3+ 33.
Rxd3 Rxf8 34. Nb3 Rf2+ 35. Nd2 Rf4 36. Rh3 Kd7 37. h5 g5 38. h6 Ke6 39. b3 Rh4
40. Rg3 g4 41. a3 Rxh6 42. c4 Nf6 43. Nf1 Rh3 44. Re3+ Rxe3 45. Nxe3 g3 46. Nd5
Bxd5 0-1

[Event "Mechanics' Spring TNM; 30/90, SD/30"]
[Site "San Francisco"]
[Date "2011.03.23"]
[Round "2.21"]
[White "Clark, Thomas"]
[Black "Montoya, Daniel"]
[Result "0-1"]
[WhiteElo "1101"]
[BlackElo "1613"]
[PlyCount "69"]
[EventDate "2011.??.??"]

1. d4 d5 2. c4 dxc4 3. Nc3 a6 4. Bf4 Nf6 5. e4 b5 6. h3 e6 7. a3 Bb7 8. e5 Nd5
9. Bd2 Be7 10. Nf3 O-O 11. Be2 Nd7 12. O-O c5 13. Be3 Nxc3 14. bxc3 cxd4 15.
Bxd4 Qc7 16. Re1 Rfd8 17. Qc2 Nc5 18. Bxc5 Bxc5 19. Bd1 Rd7 20. Ng5 g6 21. Bf3
Rad8 22. Bxb7 Rd2 23. Qe4 Bxf2+ 24. Kf1 Bxe1 25. Rxe1 Qb6 26. Qf3 R8d7 27. Bc6
R2d3 28. Qe4 Rc7 29. Be8 Rxc3 30. Nxh7 Kxh7 31. Qh4+ Kg7 32. Rd1 Rd3 33. Rxd3
cxd3 34. Qf6+ Kg8 35. Qd8 0-1

[Event "Mechanics' Spring TNM; 30/90, SD/30"]
[Site "San Francisco"]
[Date "2011.04.26"]
[Round "7.22"]
[White "Clark, Thomas"]
[Black "Otterbach, Renate"]
[Result "1-0"]
[WhiteElo "1101"]
[BlackElo "838"]
[PlyCount "71"]
[EventDate "2011.??.??"]

1. d4 d5 2. c4 c6 3. Nc3 Nf6 4. Bf4 e6 5. e3 Nbd7 6. Bd3 Bb4 7. Nge2 Qe7 8. c5
e5 9. Bg5 h6 10. Bh4 g5 11. Bg3 Nh5 12. O-O Nxg3 13. Nxg3 Nf6 14. Bf5 Be6 15.
dxe5 Nd7 16. a3 Bxc5 17. b4 Bb6 18. Na4 Bc7 19. f4 O-O-O 20. Rc1 f6 21. Qd4 Kb8
22. exf6 Qf7 23. Nc5 Bb6 24. Bxe6 Qxe6 25. Nxe6 Bxd4 26. exd4 Rde8 27. Nc5 Nxf6
28. fxg5 h5 29. Rxf6 h4 30. Nf5 Rhg8 31. g6 Re2 32. g7 Ra2 33. Rf8+ Kc7 34.
Rxg8 Kb6 35. Rb8 Kb5 36. Rxb7# 1-0